Tres sectores de la economía (Registro nro. 5505)

Detalles MARC
000 -LEADER
fixed length control field 01081 a2200229 4500
001 - CONTROL NUMBER
control field 54343
005 - DATE AND TIME OF LATEST TRANSACTION
control field 20260407155815.0
008 - FIXED-LENGTH DATA ELEMENTS--GENERAL INFORMATION
fixed length control field 260407a1967 arg spa d
003 - CONTROL NUMBER IDENTIFIER
control field AR-UNSa-BCEJYS
040 ## - CATALOGING SOURCE
Original cataloging agency AR-UNSa-BCEJYS
Language of cataloging spa
Transcribing agency AR-UNSa-BCEJYS
080 ## - UNIVERSAL DECIMAL CLASSIFICATION NUMBER
Universal Decimal Classification number 330(73)
Common auxiliary subdivision Economía de los Estados Unidos
041 ## - LANGUAGE CODE
Language code of text/sound track or separate title spa
100 1# - MAIN ENTRY--PERSONAL NAME
Personal name Ginzberg, Eli
245 10 - TITLE STATEMENT
Title Tres sectores de la economía
Name of part/section of a work mercantil, no lucrativa y gubernamental
264 #1 - PRODUCTION, PUBLICATION, DISTRIBUTION, MANUFACTURE, AND COPYRIGHT NOTICE
Place of production, publication, distribution, manufacture México :
Name of producer, publisher, distributor, manufacturer Limusa-Wiley
Date of production, publication, distribution, manufacture, or copyright notice 1967
300 ## - PHYSICAL DESCRIPTION
Extent 256 p.
Dimensions 19 cm.
505 ## - FORMATTED CONTENTS NOTE
Formatted contents note 1. Un modelo práctico - 2. Los tres sectores - 3. Variedades de empresas gubernamentales - 4. Actividades económicas de las instituciones no lucrativas - 5. Escala y extensión del sector no lucrativo - 6. Tendencias del empleo en el sector no lucrativo - 7. Contrataciones de la defensa: aeronáutica y espacio - 8. Expansión de las empresas no lucrativas: La industria de los servicios de sanidad - 9. Empresa y empleo
590 ## - LOCAL NOTE (RLIN)
Local note niveau_biblio:m niveau_hierar:0
700 1# - ADDED ENTRY--PERSONAL NAME
Personal name Hiestand, Dale L.
700 1# - ADDED ENTRY--PERSONAL NAME
Personal name Reubens, Beatrice G.
942 ## - ADDED ENTRY ELEMENTS (KOHA)
Koha item type
Existencias
Withdrawn status Lost status Damaged status Not for loan Home library Current library Shelving location Date acquired Total checkouts Full call number Barcode Date last seen Price effective from Koha item type
        Biblioteca Prof. Eusebio Cleto del Rey Biblioteca Prof. Eusebio Cleto del Rey   07/04/2026   330(73) G492 L21154 07/04/2026 07/04/2026 Libro